<?xml version="1.0" encoding="UTF-8"?>
<collection xmlns="http://www.loc.gov/MARC21/slim">
 <record>
  <leader>00896ngm a22002175g 4500</leader>
  <controlfield tag="001">CEM.cems022178</controlfield>
  <controlfield tag="008">130507b1996##################0###0#####d</controlfield>
  <controlfield tag="005">20241009134059.0</controlfield>
  <datafield tag="245" ind1="1" ind2="0">
   <subfield code="a">Meeting objectives /</subfield>
   <subfield code="c">Oxford English Video.</subfield>
  </datafield>
  <datafield tag="300" ind1=" " ind2=" ">
   <subfield code="a">32'.</subfield>
  </datafield>
  <datafield tag="490" ind1="0" ind2=" ">
   <subfield code="a">Oxford English Video</subfield>
  </datafield>
  <datafield tag="500" ind1=" " ind2=" ">
   <subfield code="a">En soporte VHS, consultar en ventanilla.</subfield>
  </datafield>
  <datafield tag="505" ind1="0" ind2=" ">
   <subfield code="a">1.-Making Contact(H0000)(7').2.-Telephoning (H0452) (9').3.- Presentations (H0980)(7').4.- Meetings (H1340)(9').Presenting facts and figures (1777)(7'). Planning ahead (2072) (9'). Visitors (2445) (8'), Negotiations (2760)(9')</subfield>
  </datafield>
  <datafield tag="538" ind1=" " ind2=" ">
   <subfield code="a">Soporte: VHS - Norma: Pal N - Color - Grabación DRD 1996 - Hitachi=0000</subfield>
  </datafield>
  <datafield tag="110" ind1="2" ind2=" ">
   <subfield code="a">Oxford English Video.</subfield>
  </datafield>
  <datafield tag="082" ind1="4" ind2="2">
   <subfield code="/">OXF-3</subfield>
  </datafield>
  <datafield tag="653" ind1=" " ind2=" ">
   <subfield code="a">LENGUA</subfield>
  </datafield>
  <datafield tag="653" ind1=" " ind2=" ">
   <subfield code="a">IDIOMA</subfield>
  </datafield>
  <datafield tag="653" ind1=" " ind2=" ">
   <subfield code="a">INGLES</subfield>
  </datafield>
  <datafield tag="653" ind1=" " ind2=" ">
   <subfield code="a">NIVEL SECUNDARIO</subfield>
  </datafield>
  <datafield tag="859" ind1=" " ind2=" ">
   <subfield code="a">CEMS</subfield>
   <subfield code="b">BIB. CEMS - Depto. Recursos Didacticos</subfield>
   <subfield code="h">420</subfield>
   <subfield code="i">OXF-3</subfield>
   <subfield code="k">DRD</subfield>
   <subfield code="p">821.12</subfield>
   <subfield code="t">Ej.1</subfield>
  </datafield>
 </record>
</collection>
